00630 2200229 4500001002100000005001500021035002000036007000300056008004100059020001800100082001100118084001800129100001800147245007500165260004500240300003200285650000800317700002700325520002600352990001100378990001100389INLIS00000000000211320180724102333 a0010-0718000065ta180724 g 0 ind  a9786020317656 a641.86 a641.86 DIA b0 aDIAH, Nimpuno1 aBuku Lengkap Aneka Cake /cDiah Nimpuno; editor, Petra Aquina Budiarti aJakarta :bGramedia Pustaka Utama,c2015 a128 hlm. :bilus. ;c23 cm. aKUE0 aPETRA, Aquina Budiarti abibliografi: hlm. 128 a16752a a16752b